000 00856nam a2200253Ia 4500
003 OSt
005 20221005103155.0
006 a|||||r|||| 00| 0
007 ta
008 221004b |||||||| |||| 00| 0 hin d
024 _a108730
037 _cTextual
040 _aCRL
_cCRL
_bhin
041 _2hin
_ahin
082 _aO152,1N01:g, N3
100 _aभट्ट, टी. आर.
245 0 _aपंत और बेंद्रे की काव्य चेतना
246 _aPanta aur beandre kī kāvya chetanā
260 _aकानपुर
_bअन्नपूर्णा प्रकाशन भारत
_c1993
300 _a160पृ0
_ccm.
650 _aहिन्दी साहित्य
942 _hO152,1N01:g, N3
_cTEXL
_2cc
999 _c1009559
_d1009559